[Trh a jeho deformácie štátom]
Recenzia na publikáciu, ktorá sa venuje problematike vzájomného vzťahu trhu a štátu. Prezentácia názoru na interakciu trhu a štátu, pričom vychádza najmä z poznatkov rakúskej školy vystupujúcej v pozícii alternatívnej teórie voči ekonómii hlavného prúdu, reprezentovanej dvoma vetvami – keynesovskou...
Saved in:
| Main Author: | |
|---|---|
| Format: | Book Chapter |
| Language: | Slovak |
| Subjects: | |
| Tags: |
No Tags, Be the first to tag this record!
|
MARC
| LEADER | 00000naa a2200000 4500 | ||
|---|---|---|---|
| 001 | 0199720 | ||
| 005 | 20240502073400.9 | ||
| 041 | 0 | |a slo | |
| 044 | |a SK | ||
| 245 | 1 | 0 | |a [Trh a jeho deformácie štátom] |c Vladimír Gonda |
| 520 | |a Recenzia na publikáciu, ktorá sa venuje problematike vzájomného vzťahu trhu a štátu. Prezentácia názoru na interakciu trhu a štátu, pričom vychádza najmä z poznatkov rakúskej školy vystupujúcej v pozícii alternatívnej teórie voči ekonómii hlavného prúdu, reprezentovanej dvoma vetvami – keynesovskou (intervencionistickou) a liberálnou (monetaristickou), ktoré tvoria jadro súčasného ekonomického mainstreamu odrážajúceho hospodárskopolitickú koncepciu zmiešanej ekonomiky . | ||
| 610 | 2 | 0 | |a recenzie |
| 610 | 2 | 0 | |a trh |
| 610 | 2 | 0 | |a štát |
| 610 | 2 | 0 | |a liberalizmus |
| 610 | 2 | 0 | |a keynesizmus |
| 610 | 2 | 0 | |a teórie ekonomické |
| 100 | 1 | |a Gonda, Vladimír | |